000 01064nam a2200253 i 4500
001 bg
245 0 0 _aProfesor Adam Andrzejewski (1914-1998) i jego dzieło (procesy mieszkaniowe, urbanizacyjne i społeczne) :
_bwybór pism /
_cpod red. Andrzeja Stasiaka i Macieja Cesarskiego.
260 _aWarszawa :
_bKPZK PAN,
_c2001.
300 _a245 s. :
_b1 portr. ;
_c20 cm.
490 1 _aBiuletyn / Polska Akademia Nauk. Komitet Przestrzennego Zagospodarowania Kraju,
_x0079-3493 ;
_vZ. 196
600 1 9 _aAndrzejewski, Adam (1914-1998)
650 9 _aMiasta
_xsocjologia
_zPolska
_yod 1938 r.
650 9 _aMieszkania
_xgospodarka
_xzagadnienia
_zPolska
_yod 1938 r.
650 9 _aUrbanizacja
_xzagadnienia
_zPolska
_yod 1938 r.
655 _abibliografia
830 0 _aBiuletyn (Polska Akademia Nauk. Komitet Przestrzennego Zagospodarowania Kraju) ;
_vZ. 196
020 _a8390425416
040 _cBPK
041 0 _apl
080 _a711:911.375:316.334.56:332.8](438)"1938/..."
920 _a83-904254-1-6
942 _cKS
008 s pl f |000 0 pol
999 _c39877
_d39877
856 _uhttp://koha.tu.koszalin.pl/cgi-bin/koha/opac-detail.pl?biblionumber=39877
_yKatalog online BPK